|
|
|
|
| LEADER |
00982cam a2200265 7i4500 |
| 001 |
0000056040 |
| 005 |
20201130090000.0 |
| 020 |
|
|
|a 0865779368 (electronic book)
|
| 020 |
|
|
|a 3131261617 (electronic book)
|
| 090 |
0 |
0 |
|a RE46
|b .L38 2000
|
| 100 |
1 |
|
|a Lang, Gerhard K
|
| 245 |
1 |
0 |
|a Ophthalmology :
|b a short textbook
|c Gerhard K. Lang ; with contributions by J. Amman [and five others].
|
| 264 |
|
1 |
|a Stuttgart:
|b Thieme,
|c 2000.
|
| 300 |
|
|
|a 1 online resource (586 pages):
|b colour illustrations, text file, PDF.
|
| 336 |
|
|
|a text
|2 rdacontent
|
| 337 |
|
|
|a computer
|2 rdamedia
|
| 338 |
|
|
|a online resource
|2 rdacarrier
|
| 650 |
0 |
0 |
|a Eye --
|x Diseases
|
| 650 |
|
0 |
|a Ophthalmology
|
| 655 |
|
0 |
|a Electronic books
|
| 700 |
1 |
|
|a Amman, J.
|
| 856 |
4 |
2 |
|u http://library.unisel.edu.my/equip-unisel/custom/ebook_catalog/ebook/Ophthalmologyashorttextbook.pdf
|
| 997 |
|
|
|a Health Sciences, Faculty
|
| 998 |
|
|
|a Nursing, Diploma
|
| 999 |
|
|
|a EBO0002287
|b EBOOK
|c EBOOK
|e Electronic resources
|